000 01773cam a22004097a 4500
001 16006911
003 ARRUPE
005 20220407084913.0
008 091203s2009 nyua 001 0 eng c
010 _a 2009517757
020 _a9780071543507
020 _a0071543503
035 _a(OCoLC)ocn192082883
040 _aCOO
_cCOO
_dBTCTA
_dBAKER
_dYDXCP
_dNTG
_dVP@
_dQBX
_dDLC
042 _apcc
050 0 0 _aQA531
_b.A97 2009
082 0 0 _a516.24076
_222
100 1 _aMoyer, Robert E.
_951251
245 1 0 _aSchaum's outline trigonometry :
_bwith calculator-based solutions /
_cRobert E. Moyer, Frank Ayres, Jr.
246 3 0 _aTrigonometry
250 _a4th ed.
260 _aNew York :
_bMcGraw-Hill,
_cc2009.
300 _aviii, 201 p. :
_bill. ;
_c28 cm.
490 0 _aSchaum's outline series
500 _aRev. ed. of: Schaum's outline of theory and problems of trigonometry / Frank Ayres, Jr., Robert E. Moyer. 1999.
500 _aIncludes index.
650 0 _aTrigonometry
_vProblems, exercises, etc.
_950627
650 0 _aTrigonometry
_vOutlines, syllabi, etc.
_950628
700 1 _aAyres, Frank,
_d1901-1994.
_951252
700 1 _aAyres, Frank,
_d1901-1994.
_tSchaum's outline of theory and problems of trigonometry
_951253
856 4 2 _3Contributor biographical information
_uhttp://www.loc.gov/catdir/enhancements/fy1010/2009517757-b.html
856 4 2 _3Publisher description
_uhttp://www.loc.gov/catdir/enhancements/fy1010/2009517757-d.html
856 4 1 _3Table of contents only
_uhttp://www.loc.gov/catdir/enhancements/fy1010/2009517757-t.html
906 _a7
_bcbc
_cpccadap
_d2
_encip
_f20
_gy-gencatlg
942 _2lcc
_cMONOGRAPH
999 _c131269
_d131269